Los increibles : (Registro nro. 11996)

Detalles MARC
000 -LIDER
fixed length control field 00684nam a22002177a 4500
001 - NÚMERO DE CONTROL
Identificador de número de control 000718
003 - IDENTIFICACDOR DE NÚMERO DE CONTROL
control field DO-SdBNP
005 - DATE AND TIME OF LATEST TRANSACTION
control field 20180212150943.0
008 - ELEMENTOS DE LONGITUD FIJA
fixed length control field 180212b 2009 sp a |||| 00| 0 spa d
020 ## - ISBN
International Standard Book Number 9788444101637
040 ## - FUENTE DE CATALOGACIÓN
Agencia que crea de manera original el registro BPMSU
Idioma de catalogación spa
Agencia que realiza la transcripción BPMSU
100 1# - ASIENTO PRINCIPAL -- NOMBRE PERSONAL
Nombre personal López Gómez, Luisa M.
245 10 - MENCIÓN DE TITULO
Título Los increibles :
Subtítulo aprendo con la H y la Y /
Mención de responsabilidad Luisa M. López Gómez
260 ## - PUBLICACIÓN, DISTRIBUCIÓN, ETC. (PIE DE IMPRENTA)
Lugar de publicación, distribución, etc León, España :
Nombre del editor, distribuidor, etc. Everest Internacional,
Fecha de publicación, distribución, etc 2009.
300 ## - DESCRIPCIÓN FÍSICA
Extensión 31 p.
Otros detalles físicos il.
Dimensiones 22 cm.
490 0# - MENCIÓN DE SERIES
Mención de serie Aprendo con las vocales y los fonemas
Volume/sequential designation 14
830 #0 - ASIENTO SECUNDARIO DE SERIE--TÍTULO UNIFORME
Título uniforme Aprendo con las vocales y los fonemas
Número de la parte o sección de una obra 14
942 ## - ADDED ENTRY ELEMENTS (KOHA)
Source of classification or shelving scheme Dewey Decimal Classification
Koha item type Libros
945 ## - INFORMACIÓN DE PROCESAMIENTO LOCAL
Información de procesamiento local Inventariado, 2018/ YL
956 ## - LOCAL ELECTRONIC LOCATION AND ACCESS (OCLC)
Nombre de host YLOCKWARD
Número de acceso 10
Información de compresión BPMSU
Existencias
Withdrawn status Lost status Source of classification or shelving scheme Damaged status Not for loan Collection code Home library Current library Date acquired Source of acquisition Total Checkouts Full call number Barcode Date last seen Price effective from Koha item type Copy number
    Dewey Decimal Classification     Colección Infantil General Biblioteca Pública Metropolitana Salomé Ureña Biblioteca Pública Metropolitana Salomé Ureña 11/18/2016 Sin sellar   xxxx xxxx BPMSU16111413 11/18/2016 11/18/2016 Libros  
    Dewey Decimal Classification     Colección Infantil General Biblioteca Pública Metropolitana Salomé Ureña Biblioteca Pública Metropolitana Salomé Ureña 11/18/2016 Sin sellar   xxxx xxxx BPMSU16111414 11/18/2016 11/18/2016 Libros ej. 2
    Dewey Decimal Classification     Colección Infantil General Biblioteca Pública Metropolitana Salomé Ureña Biblioteca Pública Metropolitana Salomé Ureña 11/18/2016 Sin sellar   xxxx xxxx BPMSU16111415 11/18/2016 11/18/2016 Libros ej. 2